000 00298 a2200145 4500
001 164174
020 _a
040 _cMagnum
100 _aAquino, Gilda (Trad.)
240 1 0 _aContos colantes
_lpor
245 1 0 _aContos colantes
362 0 _a1899
697 _aI/FADAS, FANTASIA
942 _cBK
999 _c164174
_d164174